[Event "DEM U12 2022"]
[Site "Willingen GER"]
[Date "2022.06.05"]
[Round "1"]
[White "Neuhoff, Laertes"]
[Black "Pimenov, Danil"]
[Result "1-0"]
[Termination "normal"]
[Board "1"]
[WhiteElo "1990"]
[BlackElo "1337"]
[WhiteClock "00:05:01"]
[BlackClock "00:48:46"]
[PlyCount "89"]
[WhiteFideId "16279719"]
[BlackFideId "34600248"]
[EventCountry "GER"]
[EventRounds "9"]
[EventType "swiss"]
[EventDate "2022.06.04"]

1. e4 {[%clk 01:30:56]} {[%emt 00:00:03]} c5 {[%clk 01:30:52]} {[%emt
00:00:08]} 2. Nf3 {[%clk 01:31:19]} {[%emt 00:00:08]} Nc6 {[%clk 01:31:16]}
{[%emt 00:00:06]} 3. d4 {[%clk 01:31:39]} {[%emt 00:00:10]} cxd4 {[%clk
01:31:42]} {[%emt 00:00:03]} 4. Nxd4 {[%clk 01:31:52]} {[%emt 00:00:18]} Nf6
{[%clk 01:32:05]} {[%emt 00:00:07]} 5. Nc3 {[%clk 01:32:03]} {[%emt 00:00:19]}
e5 {[%clk 01:32:27]} {[%emt 00:00:07]} 6. Ndb5 {[%clk 01:32:23]} {[%emt
00:00:10]} d6 {[%clk 01:32:51]} {[%emt 00:00:07]} 7. Bg5 {[%clk 01:32:29]}
{[%emt 00:00:24]} a6 {[%clk 01:33:09]} {[%emt 00:00:11]} 8. Na3 {[%clk
01:32:48]} {[%emt 00:00:11]} b5 {[%clk 01:33:33]} {[%emt 00:00:06]} 9. Bxf6
{[%clk 01:32:29]} {[%emt 00:00:49]} gxf6 {[%clk 01:33:55]} {[%emt 00:00:07]}
10. Nd5 {[%clk 01:32:33]} {[%emt 00:00:27]} Bg7 {[%clk 01:34:18]} {[%emt
00:00:06]} 11. Bd3 {[%clk 01:31:31]} {[%emt 00:01:32]} Ne7 {[%clk 01:34:38]}
{[%emt 00:00:11]} 12. Nxe7 {[%clk 01:29:09]} {[%emt 00:02:52]} Qxe7 {[%clk
01:35:02]} {[%emt 00:00:05]} 13. O-O {[%clk 01:26:59]} {[%emt 00:02:41]} O-O
{[%clk 01:32:06]} {[%emt 00:03:25]} 14. c4 {[%clk 01:14:36]} {[%emt 00:12:53]}
f5 {[%clk 01:23:21]} {[%emt 00:09:14]} 15. Qf3 {[%clk 01:05:26]} {[%emt
00:09:41]} bxc4 {[%clk 01:16:43]} {[%emt 00:07:08]} 16. Nxc4 {[%clk 00:53:40]}
{[%emt 00:12:17]} d5 {[%clk 01:16:04]} {[%emt 00:01:09]} 17. exd5 {[%clk
00:49:56]} {[%emt 00:04:14]} e4 {[%clk 01:15:54]} {[%emt 00:00:40]} 18. Qe3
{[%clk 00:49:14]} {[%emt 00:01:12]} Bb7 {[%clk 01:09:05]} {[%emt 00:07:16]} 19.
d6 {[%clk 00:42:11]} {[%emt 00:07:35]} Qe6 {[%clk 01:07:49]} {[%emt 00:01:46]}
20. Be2 {[%clk 00:42:00]} {[%emt 00:00:41]} Rac8 {[%clk 01:06:55]} {[%emt
00:01:23]} 21. Rad1 {[%clk 00:35:33]} {[%emt 00:06:57]} Rxc4 {[%clk 01:02:52]}
{[%emt 00:04:33]} 22. Bxc4 {[%clk 00:33:46]} {[%emt 00:02:18]} Qxc4 {[%clk
01:03:12]} {[%emt 00:00:09]} 23. Qg5 {[%clk 00:27:09]} {[%emt 00:07:06]} Qe6
{[%clk 01:01:57]} {[%emt 00:01:45]} 24. d7 {[%clk 00:26:12]} {[%emt 00:01:29]}
h6 {[%clk 00:56:35]} {[%emt 00:05:51]} 25. Qf4 {[%clk 00:19:18]} {[%emt
00:07:24]} Bf6 {[%clk 00:55:23]} {[%emt 00:01:41]} 26. Qg3+ {[%clk 00:13:23]}
{[%emt 00:06:25]} Kh7 {[%clk 00:54:16]} {[%emt 00:01:37]} 27. Rd6 {[%clk
00:13:20]} {[%emt 00:00:34]} Qe7 {[%clk 00:54:15]} {[%emt 00:00:30]} 28. Qf4
{[%clk 00:09:58]} {[%emt 00:03:52]} Kg6 {[%clk 00:53:17]} {[%emt 00:01:27]} 29.
Rfd1 {[%clk 00:09:14]} {[%emt 00:01:15]} Rd8 {[%clk 00:51:57]} {[%emt
00:01:49]} 30. h4 {[%clk 00:08:30]} {[%emt 00:01:13]} Kg7 {[%clk 00:49:44]}
{[%emt 00:02:43]} 31. Qxf5 {[%clk 00:07:28]} {[%emt 00:01:33]} Qe5 {[%clk
00:49:49]} {[%emt 00:00:25]} 32. Qxe5 {[%clk 00:04:40]} {[%emt 00:03:18]} Bxe5
{[%clk 00:50:03]} {[%emt 00:00:16]} 33. Rb6 {[%clk 00:04:27]} {[%emt 00:00:44]}
Bc8 {[%clk 00:49:40]} {[%emt 00:00:53]} 34. Rd5 {[%clk 00:03:34]} {[%emt
00:01:23]} f6 {[%clk 00:48:20]} {[%emt 00:01:50]} 35. dxc8=Q {[%clk 00:03:17]}
{[%emt 00:00:47]} Rxc8 {[%clk 00:48:41]} {[%emt 00:00:09]} 36. Rd1 {[%clk
00:03:08]} {[%emt 00:00:39]} Rc2 {[%clk 00:49:02]} {[%emt 00:00:09]} 37. h5
{[%clk 00:03:19]} {[%emt 00:00:19]} f5 {[%clk 00:47:58]} {[%emt 00:01:40]} 38.
Rxa6 {[%clk 00:03:08]} {[%emt 00:00:35]} Rxb2 {[%clk 00:47:18]} {[%emt
00:01:11]} 39. Rd7+ {[%clk 00:03:22]} {[%emt 00:00:16]} Kf8 {[%clk 00:47:24]}
{[%emt 00:00:23]} 40. Ra8+ {[%clk 00:03:45]} {[%emt 00:00:07]} Bb8 {[%clk
00:47:33]} {[%emt 00:00:21]} 41. Rd8+ {[%clk 00:03:55]} {[%emt 00:00:21]} Ke7
{[%clk 00:47:57]} {[%emt 00:00:06]} 42. Rdxb8 {[%clk 00:04:14]} {[%emt
00:00:11]} Rc2 {[%clk 00:48:15]} {[%emt 00:00:12]} 43. Ra6 {[%clk 00:04:39]}
{[%emt 00:00:06]} Kd7 {[%clk 00:48:24]} {[%emt 00:00:20]} 44. Rb7+ {[%clk
00:05:01]} {[%emt 00:00:08]} Kc8 {[%clk 00:48:46]} {[%emt 00:00:08]} 45. Rh7
{[%emt 00:00:50]} 1-0

[Event "DEM U12 2022"]
[Site "Willingen GER"]
[Date "2022.06.05"]
[Round "1"]
[White "Kullmann, Max"]
[Black "Glöckler, Christian"]
[Result "0-1"]
[Termination "normal"]
[Board "4"]
[WhiteElo "1442"]
[BlackElo "1847"]
[WhiteClock "00:00:56"]
[BlackClock "00:16:27"]
[PlyCount "75"]
[WhiteFideId "16218574"]
[BlackFideId "34608966"]
[EventCountry "GER"]
[EventRounds "9"]
[EventType "swiss"]
[EventDate "2022.06.04"]

1. d4 {[%clk 01:30:55]} {[%emt 00:00:05]} Nf6 {[%clk 01:30:55]} {[%emt
00:00:05]} 2. c4 {[%clk 01:31:12]} {[%emt 00:00:12]} g6 {[%clk 01:31:20]}
{[%emt 00:00:05]} 3. Nc3 {[%clk 01:31:14]} {[%emt 00:00:28]} Bg7 {[%clk
01:31:42]} {[%emt 00:00:08]} 4. e4 {[%clk 01:31:03]} {[%emt 00:00:41]} d6
{[%clk 01:32:05]} {[%emt 00:00:07]} 5. Nge2 {[%clk 01:21:59]} {[%emt 00:09:34]}
O-O {[%clk 01:31:09]} {[%emt 00:01:26]} 6. g3 {[%clk 01:19:39]} {[%emt
00:02:51]} e5 {[%clk 01:27:20]} {[%emt 00:04:19]} 7. d5 {[%clk 01:17:52]}
{[%emt 00:02:17]} Ne8 {[%clk 01:25:06]} {[%emt 00:02:44]} 8. Bg2 {[%clk
01:11:39]} {[%emt 00:06:42]} f5 {[%clk 01:24:09]} {[%emt 00:01:27]} 9. O-O
{[%clk 01:11:34]} {[%emt 00:00:35]} a5 {[%clk 01:20:49]} {[%emt 00:03:51]} 10.
a3 {[%clk 01:10:35]} {[%emt 00:01:29]} Na6 {[%clk 01:20:35]} {[%emt 00:00:44]}
11. Be3 {[%clk 01:09:43]} {[%emt 00:01:21]} b6 {[%clk 01:20:13]} {[%emt
00:00:52]} 12. Qc2 {[%clk 01:07:09]} {[%emt 00:03:04]} Bd7 {[%clk 01:16:34]}
{[%emt 00:04:09]} 13. Rab1 {[%clk 01:03:14]} {[%emt 00:04:25]} Nf6 {[%clk
01:12:18]} {[%emt 00:04:46]} 14. b4 {[%clk 00:58:45]} {[%emt 00:04:59]} axb4
{[%clk 01:09:05]} {[%emt 00:03:43]} 15. axb4 {[%clk 00:59:01]} {[%emt
00:00:15]} Ng4 {[%clk 01:08:59]} {[%emt 00:00:36]} 16. Nb5 {[%clk 00:48:43]}
{[%emt 00:10:49]} f4 {[%clk 01:05:22]} {[%emt 00:04:06]} 17. gxf4 {[%clk
00:46:13]} {[%emt 00:03:01]} exf4 {[%clk 01:05:41]} {[%emt 00:00:10]} 18. Bxf4
{[%clk 00:45:18]} {[%emt 00:01:24]} Rxf4 {[%clk 00:52:57]} {[%emt 00:13:14]}
19. Nxf4 {[%clk 00:44:33]} {[%emt 00:01:16]} Be5 {[%clk 00:53:12]} {[%emt
00:00:14]} 20. Nh3 {[%clk 00:26:35]} {[%emt 00:18:29]} Nxh2 {[%clk 00:51:53]}
{[%emt 00:01:49]} 21. f4 {[%clk 00:21:57]} {[%emt 00:05:09]} Nxf1 {[%clk
00:51:56]} {[%emt 00:00:26]} 22. fxe5 {[%clk 00:20:04]} {[%emt 00:02:23]} Ne3
{[%clk 00:51:42]} {[%emt 00:00:44]} 23. Qe2 {[%emt 00:00:49]} Nxg2 {[%clk
00:51:16]} {[%emt 00:00:53]} 24. e6 {[%clk 00:16:13]} {[%emt 00:04:06]} Nh4
{[%clk 00:50:16]} {[%emt 00:01:30]} 25. exd7 {[%clk 00:13:57]} {[%emt
00:02:46]} Qxd7 {[%clk 00:49:33]} {[%emt 00:01:14]} 26. Ng5 {[%clk 00:12:54]}
{[%emt 00:01:32]} Re8 {[%clk 00:34:37]} {[%emt 00:15:26]} 27. Ne6 {[%clk
00:12:15]} {[%emt 00:01:08]} g5 {[%clk 00:20:02]} {[%emt 00:15:06]} 28. Qh5
{[%clk 00:09:15]} {[%emt 00:03:26]} c5 {[%clk 00:18:15]} {[%emt 00:02:21]} 29.
Rf1 {[%clk 00:07:03]} {[%emt 00:02:42]} Ng6 {[%clk 00:17:40]} {[%emt 00:01:05]}
30. Nxg5 {[%clk 00:07:06]} {[%emt 00:00:27]} Re5 {[%clk 00:16:58]} {[%emt
00:01:13]} 31. Qxh7+ {[%clk 00:03:29]} {[%emt 00:04:06]} Qxh7 {[%clk 00:17:12]}
{[%emt 00:00:16]} 32. Nxh7 {[%clk 00:03:56]} {[%emt 00:00:03]} Kxh7 {[%clk
00:17:20]} {[%emt 00:00:22]} 33. bxc5 {[%clk 00:03:04]} {[%emt 00:01:22]} Nxc5
{[%clk 00:17:21]} {[%emt 00:00:28]} 34. Nxd6 {[%clk 00:02:50]} {[%emt
00:00:44]} Nxe4 {[%clk 00:17:39]} {[%emt 00:00:12]} 35. Nf7 {[%clk 00:02:20]}
{[%emt 00:01:01]} Re7 {[%clk 00:17:04]} {[%emt 00:01:05]} 36. Nd8 {[%clk
00:02:18]} {[%emt 00:00:32]} Nd2 {[%clk 00:16:41]} {[%emt 00:00:53]} 37. Rc1
{[%clk 00:01:43]} {[%emt 00:01:04]} Nf4 {[%clk 00:16:27]} {[%emt 00:00:45]} 38.
Rc2 {[%clk 00:00:56]} {[%emt 00:01:15]} 0-1

[Event "DEM U12 2022"]
[Site "Willingen GER"]
[Date "2022.06.05"]
[Round "1"]
[White "Mohammadzadeh, Daris"]
[Black "Malinowsky, Levi"]
[Result "0-1"]
[Termination "normal"]
[Board "6"]
[WhiteElo "1371"]
[BlackElo "1816"]
[WhiteClock "00:00:37"]
[BlackClock "00:02:33"]
[PlyCount "72"]
[WhiteFideId "34604359"]
[BlackFideId "16253094"]
[EventCountry "GER"]
[EventRounds "9"]
[EventType "swiss"]
[EventDate "2022.06.04"]

1. e4 {[%clk 01:30:57]} {[%emt 00:00:02]} c5 {[%clk 01:30:45]} {[%emt
00:00:15]} 2. Nf3 {[%clk 01:31:24]} {[%emt 00:00:04]} e6 {[%clk 01:30:56]}
{[%emt 00:00:19]} 3. d4 {[%clk 01:31:37]} {[%emt 00:00:18]} cxd4 {[%clk
01:30:55]} {[%emt 00:00:30]} 4. Nxd4 {[%clk 01:32:05]} {[%emt 00:00:02]} a6
{[%clk 01:30:48]} {[%emt 00:00:37]} 5. Bd3 {[%clk 01:31:48]} {[%emt 00:00:47]}
Qc7 {[%clk 01:30:05]} {[%emt 00:01:13]} 6. O-O {[%clk 01:31:22]} {[%emt
00:00:56]} Nf6 {[%clk 01:29:15]} {[%emt 00:01:20]} 7. c4 {[%clk 01:30:41]}
{[%emt 00:01:12]} b6 {[%clk 01:27:15]} {[%emt 00:02:30]} 8. Nc3 {[%clk
01:29:09]} {[%emt 00:02:02]} Bb7 {[%clk 01:25:32]} {[%emt 00:02:13]} 9. Qe2
{[%clk 01:27:52]} {[%emt 00:01:48]} d6 {[%clk 01:24:32]} {[%emt 00:01:30]} 10.
b3 {[%clk 01:26:59]} {[%emt 00:01:23]} b5 {[%clk 01:21:11]} {[%emt 00:03:51]}
11. Bb2 {[%clk 01:26:04]} {[%emt 00:01:25]} bxc4 {[%clk 01:19:59]} {[%emt
00:01:41]} 12. Bxc4 {[%clk 01:25:14]} {[%emt 00:01:20]} Nbd7 {[%clk 01:16:08]}
{[%emt 00:04:21]} 13. Rac1 {[%clk 01:21:17]} {[%emt 00:04:27]} Qa5 {[%clk
01:12:23]} {[%emt 00:04:14]} 14. Kh1 {[%clk 01:16:20]} {[%emt 00:05:28]} Ne5
{[%clk 01:07:29]} {[%emt 00:05:24]} 15. f4 {[%clk 01:05:35]} {[%emt 00:11:15]}
Nxc4 {[%clk 01:07:10]} {[%emt 00:00:49]} 16. Qxc4 {[%clk 01:05:38]} {[%emt
00:00:26]} Rc8 {[%clk 00:58:56]} {[%emt 00:08:45]} 17. Qe2 {[%clk 01:00:47]}
{[%emt 00:05:21]} Be7 {[%clk 00:43:18]} {[%emt 00:16:08]} 18. e5 {[%clk
00:42:26]} {[%emt 00:18:51]} dxe5 {[%clk 00:37:45]} {[%emt 00:06:03]} 19. fxe5
{[%clk 00:39:46]} {[%emt 00:03:10]} Nd7 {[%clk 00:36:48]} {[%emt 00:01:28]} 20.
Qg4 {[%clk 00:25:32]} {[%emt 00:14:43]} g6 {[%clk 00:32:43]} {[%emt 00:04:35]}
21. Qf4 {[%clk 00:23:52]} {[%emt 00:02:10]} O-O {[%clk 00:29:54]} {[%emt
00:03:19]} 22. Rfe1 {[%clk 00:20:20]} {[%emt 00:04:02]} Nb6 {[%clk 00:25:57]}
{[%emt 00:04:27]} 23. Qh6 {[%emt 00:15:21]} Rfd8 {[%clk 00:24:03]} 24. Nf3
{[%clk 00:04:35]} {[%emt 00:03:47]} Bf8 {[%clk 00:16:27]} {[%emt 00:08:06]} 25.
Qh4 {[%clk 00:04:12]} {[%emt 00:00:52]} Bxf3 {[%clk 00:07:58]} {[%emt
00:09:00]} 26. gxf3 {[%clk 00:04:36]} {[%emt 00:00:06]} Nd5 {[%clk 00:07:40]}
{[%emt 00:00:48]} 27. Qa4 {[%clk 00:02:30]} {[%emt 00:02:36]} Qxa4 {[%clk
00:04:54]} {[%emt 00:03:16]} 28. Nxa4 {[%clk 00:02:58]} {[%emt 00:00:02]} Bh6
{[%clk 00:04:59]} {[%emt 00:00:26]} 29. Rxc8 {[%clk 00:01:51]} {[%emt
00:01:37]} Rxc8 {[%clk 00:05:24]} {[%emt 00:00:05]} 30. Re2 {[%clk 00:01:29]}
{[%emt 00:00:52]} Bf4 {[%clk 00:04:30]} {[%emt 00:01:24]} 31. Kg2 {[%clk
00:00:42]} {[%emt 00:01:16]} Kg7 {[%clk 00:03:56]} {[%emt 00:01:04]} 32. Re4
{[%clk 00:00:32]} {[%emt 00:00:41]} g5 {[%clk 00:03:15]} {[%emt 00:01:10]} 33.
h4 {[%clk 00:00:35]} {[%emt 00:00:27]} Rc2+ {[%clk 00:03:14]} {[%emt 00:00:30]}
34. Kg1 {[%clk 00:00:39]} {[%emt 00:00:26]} gxh4 {[%clk 00:03:10]} {[%emt
00:00:35]} 35. Nc3 {[%clk 00:00:37]} {[%emt 00:00:32]} Bh2+ {[%clk 00:02:44]}
{[%emt 00:00:56]} 36. Kh1 {[%clk 00:00:37]} {[%emt 00:00:30]} Rxb2 {[%clk
00:02:33]} {[%emt 00:00:40]} 0-1

[Event "DEM U12 2022"]
[Site "Willingen GER"]
[Date "2022.06.05"]
[Round "1"]
[White "Mündörfer, Sebastian"]
[Black "Stichter, Constantin Paul"]
[Result "0-1"]
[Termination "normal"]
[Board "12"]
[WhiteElo "1254"]
[BlackElo "1472"]
[WhiteClock "00:27:47"]
[BlackClock "01:09:06"]
[PlyCount "66"]
[WhiteFideId "34604367"]
[BlackFideId "34603140"]
[EventCountry "GER"]
[EventRounds "9"]
[EventType "swiss"]
[EventDate "2022.06.04"]

1. d4 {[%clk 01:30:58]} {[%emt 00:00:02]} d5 {[%clk 01:30:59]} 2. c4 {[%clk
01:31:23]} {[%emt 00:00:05]} e6 {[%clk 01:31:23]} {[%emt 00:00:06]} 3. Nc3
{[%clk 01:31:50]} {[%emt 00:00:04]} Nf6 {[%clk 01:31:33]} {[%emt 00:00:19]} 4.
cxd5 {[%clk 01:32:15]} {[%emt 00:00:04]} exd5 {[%clk 01:31:56]} {[%emt
00:00:08]} 5. Bg5 {[%clk 01:32:37]} {[%emt 00:00:08]} c6 {[%clk 01:32:22]}
{[%emt 00:00:05]} 6. e3 {[%clk 01:32:39]} {[%emt 00:00:28]} Bb4 {[%clk
01:28:04]} {[%emt 00:04:48]} 7. Qc2 {[%clk 01:31:58]} {[%emt 00:01:11]} h6
{[%clk 01:27:27]} {[%emt 00:01:07]} 8. Bh4 {[%clk 01:32:19]} {[%emt 00:00:08]}
Be6 {[%clk 01:26:28]} {[%emt 00:01:30]} 9. Bd3 {[%clk 01:31:01]} {[%emt
00:01:49]} Nbd7 {[%clk 01:26:13]} {[%emt 00:00:45]} 10. Nge2 {[%clk 01:29:36]}
{[%emt 00:01:55]} Rc8 {[%clk 01:22:30]} {[%emt 00:04:12]} 11. O-O {[%clk
01:24:43]} {[%emt 00:05:23]} Bd6 {[%clk 01:22:25]} {[%emt 00:00:35]} 12. Bg3
{[%clk 01:16:30]} {[%emt 00:08:43]} Bxg3 {[%clk 01:20:48]} {[%emt 00:02:07]}
13. Nxg3 {[%clk 01:16:19]} {[%emt 00:00:42]} c5 {[%clk 01:18:50]} {[%emt
00:02:26]} 14. dxc5 {[%emt 00:00:30]} Rxc5 {[%clk 01:18:19]} {[%emt 00:00:59]}
15. Bf5 {[%clk 01:13:23]} {[%emt 00:03:28]} O-O {[%clk 01:17:07]} {[%emt
00:01:40]} 16. Rad1 {[%clk 01:11:08]} {[%emt 00:02:47]} Qc7 {[%clk 01:15:57]}
{[%emt 00:01:38]} 17. Qb3 {[%clk 01:00:36]} {[%emt 00:11:04]} d4 {[%clk
01:11:44]} {[%emt 00:04:43]} 18. Bxe6 {[%clk 00:59:21]} {[%emt 00:01:44]} dxc3
{[%clk 01:12:11]} {[%emt 00:00:04]} 19. Bxd7 {[%clk 00:59:41]} {[%emt
00:00:10]} c2 {[%clk 01:12:32]} {[%emt 00:00:09]} 20. Rc1 {[%clk 00:59:11]}
{[%emt 00:01:01]} Nxd7 {[%clk 01:11:57]} {[%emt 00:01:05]} 21. Ne4 {[%clk
00:59:24]} {[%emt 00:00:17]} Rh5 {[%clk 01:12:17]} {[%emt 00:00:09]} 22. h3
{[%clk 00:59:37]} {[%emt 00:00:18]} Rc8 {[%clk 01:12:02]} {[%emt 00:00:45]} 23.
Nc3 {[%clk 00:57:25]} {[%emt 00:02:43]} Ne5 {[%clk 01:12:20]} {[%emt 00:00:12]}
24. f4 {[%clk 00:52:29]} {[%emt 00:05:27]} Nc4 {[%clk 01:12:30]} {[%emt
00:00:19]} 25. Qxc2 {[%clk 00:47:30]} {[%emt 00:05:29]} Nxe3 {[%clk 01:12:27]}
{[%emt 00:00:33]} 26. Qe2 {[%clk 00:47:55]} {[%emt 00:00:05]} Nxf1 {[%clk
01:11:20]} {[%emt 00:01:36]} 27. Qxh5 {[%clk 00:46:43]} {[%emt 00:01:42]} Nd2
{[%clk 01:10:35]} {[%emt 00:01:15]} 28. Qg4 {[%clk 00:41:42]} {[%emt 00:05:32]}
Qb6+ {[%clk 01:09:41]} {[%emt 00:01:22]} 29. Kh2 {[%clk 00:41:47]} {[%emt
00:00:26]} Rd8 {[%clk 01:08:49]} {[%emt 00:01:22]} 30. Ne2 {[%clk 00:34:58]}
{[%emt 00:07:19]} Qxb2 {[%clk 01:08:12]} {[%emt 00:01:07]} 31. Rc7 {[%clk
00:29:56]} {[%emt 00:05:32]} Nf1+ {[%emt 00:00:16]} 32. Kh1 {[%clk 00:29:47]}
{[%emt 00:00:35]} Qxe2 {[%clk 01:08:39]} {[%emt 00:00:21]} 33. Qf5 {[%clk
00:27:47]} {[%emt 00:02:30]} Ng3+ {[%clk 01:09:06]} {[%emt 00:00:03]} 0-1

[Event "DEM U12 2022"]
[Site "Willingen GER"]
[Date "2022.06.05"]
[Round "1"]
[White "Lu, Yunong Elias"]
[Black "Dodul, Arthur"]
[Result "1-0"]
[Termination "normal"]
[Board "15"]
[WhiteElo "1671"]
[BlackElo "1443"]
[WhiteClock "00:06:31"]
[BlackClock "00:37:03"]
[PlyCount "115"]
[WhiteFideId "16276426"]
[BlackFideId "34609016"]
[EventCountry "GER"]
[EventRounds "9"]
[EventType "swiss"]
[EventDate "2022.06.04"]

1. e4 {[%clk 01:30:54]} {[%emt 00:00:04]} e5 {[%clk 01:30:50]} {[%emt
00:00:12]} 2. Nf3 {[%clk 01:31:03]} {[%emt 00:00:21]} Nc6 {[%clk 01:31:11]}
{[%emt 00:00:09]} 3. Bb5 {[%clk 01:31:04]} {[%emt 00:00:28]} f5 {[%clk
01:31:13]} {[%emt 00:00:28]} 4. d3 {[%clk 01:31:21]} {[%emt 00:00:14]} fxe4
{[%clk 01:31:02]} {[%emt 00:00:40]} 5. dxe4 {[%clk 01:31:20]} {[%emt 00:00:31]}
d6 {[%clk 01:29:34]} {[%emt 00:01:59]} 6. h3 {[%clk 01:26:21]} {[%emt
00:05:29]} Nf6 {[%clk 01:28:41]} {[%emt 00:01:22]} 7. Nbd2 {[%clk 01:25:40]}
{[%emt 00:01:13]} Be7 {[%clk 01:28:12]} {[%emt 00:00:58]} 8. c3 {[%clk
01:25:02]} {[%emt 00:01:08]} O-O {[%clk 01:24:26]} {[%emt 00:04:17]} 9. O-O
{[%clk 01:23:50]} {[%emt 00:01:42]} h6 {[%clk 01:23:40]} {[%emt 00:01:15]} 10.
Re1 {[%clk 01:21:40]} {[%emt 00:02:41]} a6 {[%clk 01:22:07]} {[%emt 00:02:04]}
11. Ba4 {[%clk 01:19:49]} {[%emt 00:02:21]} b5 {[%clk 01:20:20]} {[%emt
00:02:17]} 12. Bc2 {[%clk 01:18:01]} {[%emt 00:02:18]} Qe8 {[%clk 01:17:57]}
{[%emt 00:02:50]} 13. Nf1 {[%clk 01:15:10]} {[%emt 00:03:23]} Nh5 {[%clk
01:15:29]} {[%emt 00:02:58]} 14. a4 {[%clk 01:13:33]} {[%emt 00:02:08]} Qg6
{[%clk 01:10:14]} {[%emt 00:05:42]} 15. Kh1 {[%clk 01:08:01]} {[%emt 00:06:03]}
Bd7 {[%clk 01:09:01]} {[%emt 00:01:44]} 16. axb5 {[%clk 01:05:53]} {[%emt
00:02:39]} axb5 {[%clk 01:08:53]} {[%emt 00:00:38]} 17. Rxa8 {[%clk 01:05:26]}
{[%emt 00:00:57]} Rxa8 {[%clk 01:09:10]} {[%emt 00:00:13]} 18. Be3 {[%clk
01:01:53]} {[%emt 00:04:03]} Rf8 {[%clk 01:08:13]} {[%emt 00:01:23]} 19. N1h2
{[%clk 00:52:43]} {[%emt 00:09:42]} Nd8 {[%emt 00:03:50]} 20. Nxe5 {[%clk
00:50:09]} {[%emt 00:01:33]} dxe5 {[%clk 01:04:24]} {[%emt 00:02:31]} 21. Qxd7
{[%clk 00:49:57]} {[%emt 00:00:43]} Bg5 {[%clk 01:01:53]} {[%emt 00:02:56]} 22.
Bxg5 {[%clk 00:47:13]} {[%emt 00:03:18]} Qxg5 {[%clk 01:01:58]} {[%emt
00:00:21]} 23. Nf3 {[%clk 00:44:23]} {[%emt 00:03:24]} Qf4 {[%clk 00:56:55]}
{[%emt 00:05:27]} 24. Bb3+ {[%emt 00:03:54]} Kh8 {[%clk 00:53:04]} {[%emt
00:03:20]} 25. Qxb5 {[%clk 00:40:56]} {[%emt 00:01:40]} Nf7 {[%clk 00:47:32]}
{[%emt 00:05:57]} 26. Bxf7 {[%clk 00:39:36]} {[%emt 00:01:54]} Qxf7 {[%clk
00:47:53]} {[%emt 00:00:09]} 27. Qd5 {[%clk 00:37:02]} {[%emt 00:03:04]} Qf6
{[%clk 00:46:44]} {[%emt 00:01:39]} 28. Nxe5 {[%clk 00:34:35]} {[%emt
00:02:58]} Nf4 {[%clk 00:45:15]} {[%emt 00:01:57]} 29. Qb5 {[%clk 00:26:33]}
{[%emt 00:08:33]} Qg5 {[%clk 00:44:22]} {[%emt 00:01:14]} 30. g3 {[%clk
00:22:30]} {[%emt 00:04:42]} Nxh3 {[%clk 00:43:58]} {[%emt 00:00:53]} 31. Nf7+
{[%emt 00:02:09]} Rxf7 {[%clk 00:43:08]} 32. Qe8+ {[%clk 00:22:33]} {[%emt
00:00:09]} Kh7 {[%clk 00:42:31]} {[%emt 00:01:07]} 33. Qxf7 {[%clk 00:22:42]}
{[%emt 00:00:20]} Qd2 {[%clk 00:42:26]} {[%emt 00:00:32]} 34. Rf1 {[%clk
00:22:39]} {[%emt 00:00:37]} Ng5 {[%clk 00:41:50]} {[%emt 00:01:03]} 35. Qf5+
{[%clk 00:22:25]} {[%emt 00:00:47]} g6 {[%clk 00:41:01]} {[%emt 00:01:14]} 36.
Qf4 {[%clk 00:21:26]} {[%emt 00:01:32]} Qd7 {[%clk 00:40:15]} {[%emt 00:01:16]}
37. Ra1 {[%emt 00:04:11]} Ne6 {[%clk 00:39:12]} {[%emt 00:01:27]} 38. Qg4
{[%emt 00:02:02]} h5 {[%clk 00:38:30]} {[%emt 00:01:03]} 39. Rd1 {[%clk
00:13:57]} {[%emt 00:03:00]} Qf7 {[%clk 00:38:02]} {[%emt 00:00:50]} 40. Qe2
{[%clk 00:13:43]} {[%emt 00:00:54]} Ng5 {[%clk 00:35:34]} {[%emt 00:02:54]} 41.
Rd5 {[%clk 00:11:08]} {[%emt 00:03:10]} Ne6 {[%clk 00:34:54]} {[%emt 00:01:07]}
42. Kg2 {[%clk 00:08:15]} {[%emt 00:03:25]} Qf6 {[%clk 00:34:00]} {[%emt
00:01:24]} 43. Rd7+ {[%clk 00:05:56]} {[%emt 00:02:49]} Kg8 {[%clk 00:33:24]}
{[%emt 00:01:03]} 44. Qb5 {[%clk 00:04:29]} {[%emt 00:01:56]} c6 {[%clk
00:33:10]} {[%emt 00:00:50]} 45. Qb8+ {[%clk 00:03:58]} {[%emt 00:01:01]} Nf8
{[%clk 00:33:22]} {[%emt 00:00:16]} 46. Rd8 {[%clk 00:04:18]} {[%emt 00:00:12]}
Qf7 {[%clk 00:33:19]} {[%emt 00:00:30]} 47. Rxf8+ {[%clk 00:04:36]} {[%emt
00:00:15]} Qxf8 {[%clk 00:33:44]} {[%emt 00:00:06]} 48. Qxf8+ {[%clk 00:04:53]}
{[%emt 00:00:13]} Kxf8 {[%clk 00:34:12]} {[%emt 00:00:02]} 49. g4 {[%clk
00:04:58]} {[%emt 00:00:24]} Ke7 {[%clk 00:34:31]} {[%emt 00:00:10]} 50. gxh5
{[%clk 00:05:17]} {[%emt 00:00:12]} gxh5 {[%clk 00:34:53]} {[%emt 00:00:08]}
51. Kg3 {[%clk 00:05:32]} {[%emt 00:00:15]} Kf6 {[%clk 00:35:11]} {[%emt
00:00:13]} 52. f4 {[%clk 00:05:38]} {[%emt 00:00:22]} Kg6 {[%clk 00:35:30]}
{[%emt 00:00:13]} 53. Kh4 {[%clk 00:05:51]} {[%emt 00:00:16]} c5 {[%clk
00:35:46]} {[%emt 00:00:14]} 54. b4 {[%clk 00:06:01]} {[%emt 00:00:20]} cxb4
{[%clk 00:36:00]} {[%emt 00:00:15]} 55. cxb4 {[%clk 00:05:40]} {[%emt
00:00:52]} Kf6 {[%clk 00:36:16]} {[%emt 00:00:14]} 56. Kxh5 {[%clk 00:05:57]}
{[%emt 00:00:13]} Ke6 {[%clk 00:36:40]} {[%emt 00:00:07]} 57. Kg6 {[%clk
00:06:16]} {[%emt 00:00:10]} Kd6 {[%clk 00:37:03]} {[%emt 00:00:07]} 58. f5
{[%clk 00:06:31]} {[%emt 00:00:15]} 1-0